Электродуговая сварка теплоустойчивых сталей перлитного класса

Մատենագիտական մանրամասներ
Հիմնական հեղինակ: Герман С. И. Семен Иосифович
Լեզու:ռուսերեն
Հրապարակվել է: Москва, Машиностроение, 1972
Խորագրեր:
Ձևաչափ: MixedMaterials Գիրք
KOHA link:https://koha.lib.tpu.ru/cgi-bin/koha/opac-detail.pl?biblionumber=92398

MARC

LEADER 00000nam0a2200000 4500
001 92398
005 20231031104640.0
035 |a (RuTPU)RU\TPU\book\99001 
035 |a RU\TPU\book\66405 
090 |a 92398 
100 |a 20060313d1972 k y0rusy50 ca 
101 0 |a rus 
102 |a RU 
105 |a a z 001zy 
200 1 |a Электродуговая сварка теплоустойчивых сталей перлитного класса  |f С. И. Герман 
210 |a Москва  |d 1972  |c Машиностроение 
215 |a 202 с.  |c ил. 
320 |a Библиогр.: с. 197-199 
610 1 |a сталь 
610 1 |a электросварка дуговая 
610 1 |a сварные конструкции 
610 1 |a теплоустойчивые стали 
610 1 |a качество 
610 1 |a контроль 
675 |a 621.791.75  |v 3 
700 1 |a Герман  |b С. И.  |g Семен Иосифович 
801 1 |a RU  |b 63413507  |c 20040415  |g PSBO 
801 2 |a RU  |b 63413507  |c 20150902  |g PSBO 
942 |c BK